Gazi Mustafa Kemal Hazretlerinin ikinci Balkan Konferansı delegelerine T.B.M. Meclisinde irat ettikleri nutuk = Discours prononce pr S.E. Gazli Moustafa Kemal (Record no. 5454)

MARC details
000 -BAŞLIK
Sabit Uzunlukta Kontrol Alanı 00917na a2200229 4500
001 - KONTROL NUMARASI
Denetim Alanı 22591
003 - KONTROL NUMARASI IDENTIFIER
Denetim Alanı MIRAKIL
005 - SON İŞLEM TARİHİ VE ZAMANI
Denetim Alanı 20181213155037.0
008 - SABİT-BOY VERİ ELEMANLARI - GENEL BİLGİLER
Sabit Uzunlukta Kontrol Alanı 170217b tu 000 0
035 ## - SİSTEM KONTROL NUMARASI
Sistem Kontrol Numarası 14615
040 ## - KATALOGLAMA KAYNAK
Orijinal Kataloglama Ajansı Milas
Kataloglama Dili tur
Metne Dönüştürmek Ajansı TR-AnCHP
041 ## - DİL KODU
Metin / Ses Parça Veya Ayrı Başlığın Dil Kodu tur
-- fre
082 ## - DEWEY ONLU SINIFLANDIRMA NUMARASI
Sınıflandırma Numarası ATA 956.1024
Ürün Numarası G39 1931
090 ## - SINIFLAMA NUMARASI
Sınıflama Numarası ATA 956.1024 G39 1931
245 ## - BAŞLIK TABLOSU
Başlık Gazi Mustafa Kemal Hazretlerinin ikinci Balkan Konferansı delegelerine T.B.M. Meclisinde irat ettikleri nutuk = Discours prononce pr S.E. Gazli Moustafa Kemal
Başlığın Kalan 26 Birinci teşrin 1931, Pazartesi = a la seance de cloture de la LLeme Conference Balkanique tenue a la Grande Assemble Nationale de Turquie
260 ## - YAYIN, DAĞITIM, VB
Yayın, Dağıtım, Vb Yeri [Ankara]
Yayın, Dağıtım, Vb Tarihi [1931]
300 ## - FİZİKSEL TANIM
Kapsam 8 s.
Boyutlar 24 sm.
600 ## - KONU KATMA GİRİŞ - KURUMSAL ADI
Kişisel Ad Atatürk, Mustafa Kemal
Genel Alt Bölümü Konuşmalar, 1931
Kronolojik Alt Bölümü Balkan Konferansı
600 ## - KONU KATMA GİRİŞ - KURUMSAL ADI
Kişisel Ad Atatürk, Mustafa Kemal
Bir Adıyla İlişkilendirilen Tarihler 1881-1938
Genel Alt Bölümü Söylev ve demeçler
942 ## - EKLENDİ GİRİŞ ELEMANLARI (KOHA)
Sınıflandırma Veya Raf Düzeni Kaynak Dewey Decimal Classification
Koha Öğesi Türü Books
999 ## - SİSTEM KONTROL NUMARALARI (KOHA)
Koha Biblionumber 5454
Koha Biblioitemnumber 5454
Holdings
Kullanım Kısıtlamaları Kalıcı Konum Mevcut Konum Edinme Tarihi Edinim Kaynak Kodlu Konum Eleme Toplam Check-Out'Lar Tam Çağrı Numarası Barkod Tarih Son Görülme İtibaren Geçerli Fiyatlar Koha Öğesi Türü
Kütüphane dışına çıkarılamaz CHP Kütüphanesi CHP Kütüphanesi 02/17/2017 Bağış ATATÜRK   ATA 956.1024 G39 1931 016620 02/17/2017 02/17/2017 Books